000 01163nam a2200241 i 4500
001 52737
003 ES-MaACL
005 20240520181644.0
007 t|
008 030903s1976 sp ||||1| spa d
110 1 _aEspaña.
_bGobierno.
_93804
245 1 0 _aDeclaración política del nuevo Gobierno (julio de 1976).
260 _a[Madrid] :
_bEdiciones del Movimiento,
_c[1976]
300 _a31 p., [16] h. de lám. ;
_c21 cm.
505 0 _aMensaje del presidente del Gobierno, don Adolfo Suárez González, dirigido al país a través de Radiotelevisión Española (6-VII-1976) . Alocución de S.M. el Rey al iniciarse la reunión del Consejo de Ministros, celebrada en el Palacio de la Zarzuela bajo su presidencia (9-VII-1976) . Declaración programática del nuevo Gobierno (16-VII-1976) . Composición del nuevo Gobierno
651 4 _aEspaña-
_xPolítica y gobierno-
_y1975-1982.
_98447
700 1 _aSuárez, Adolfo,
_d1932-2014
_9164828
700 0 _aJuan Carlos
_bI,
_cRey de España
_967108
710 2 _aEdiciones del Movimiento.
_9171800
852 _aES-MaACL
_j2101-F-23
852 _aES-MaACL
_j2103-F-27
999 _c52737
_d52737